000 01201na a2200337 4500
001 23665
003 MIRAKIL
005 20181213154909.0
008 171124b tu 000 0
040 _aMilas
_btur
_cTR-AnCHP
041 _atur
082 _a324.2372
_bC36a 2017
090 _aBROŞÜR 511
110 _aCumhuriyet Halk Partisi (CHP)
111 _aAdalet kurultayı
_cÇanakkale
_d26-29 Ağustos 2017
_kMuhtarlara adalet çalıştayı
245 _aAdalet kurultayı
_bMuhtarlara adalet çalıştayı
_cCumhuriyet Halk Partisi
246 _aMuhtarlara adalet çalıştayı
260 _aAnkara
_bCHP
_c2017
300 _a34 s.
_bfotğ.
_c21 sm.
440 _aCumhuriyet Halk Partisi yayınları
610 _aCumhuriyet Halk Partisi (CHP)
_xPropaganda ve ideolojiler
610 _aCumhuriyet Halk Partisi (CHP)
_xToplantılar
_yMuhtarlar ve muhtarlıklar
610 _aCumhuriyet Halk Partisi (CHP)
_xToplantılar, 2017
_yAdalet kurultayı
650 _aAdalet Kurultayı, 2017
657 _aAdalet yürüyüşü
657 _aAdalet Çalıştayı
657 _aAdalet arayışı
740 _aMuhtarlara adalet çalıştayı
942 _2ddc
_cBKS
999 _c2768
_d2768